Programa de formació : Àrea de Cultura Àrea de Cultura
Descripción Física:
2 volums ; 29 cm
Materias:
Barcelona (Catalunya : Província). -- Diputació -- Funcionaris i empleats -- Formació
; Funcionaris i empleats locals -- Barcelona (Catalunya : Província) -- Formació
Idioma:
Catalán
MARC
| LEADER | 00000nam a2200000Ia 4500 | ||
|---|---|---|---|
| 001 | 21615, 21424 | ||
| 003 | Arxiu | ||
| 005 | 20260324181510.0 | ||
| 008 | 160829s20082009spc xx s cat c | ||
| 040 | |a AGDB | ||
| 080 | |a FU-41-13, FU-39-63 | ||
| 245 | 0 | 0 | |a Programa de formació : |b Àrea de Cultura |
| 260 | |a Barcelona : |b Diputació de Barcelona. Àrea de Cultura, |c 2009 | ||
| 300 | |a 2 volums ; |c 29 cm | ||
| 590 | |a A partir de 2009 també: Centre d'Estudis i Recursos Culturals (CERC) | ||
| 610 | 1 | 0 | |a Barcelona (Catalunya : Província). |b Diputació |9 56151 |x Funcionaris i empleats |x Formació |
| 650 | 0 | |a Funcionaris i empleats locals |x Barcelona (Catalunya : Província) |x Formació |9 43379 | |
| 710 | 1 | |a Barcelona (Catalunya : Província). |b Centre d'Estudis i Recursos Culturals |9 52487 |e entitat productora | |
| 710 | 1 | |a Barcelona (Catalunya : Província). |b Àrea de Cultura |9 53536 | |
| 866 | |a 2008 | ||
| 866 | |a 2009 | ||
| 901 | |a Arxiu | ||
| 942 | |n 1 |2 udc |c ARXIU | ||
| 952 | |0 0 |1 0 |4 0 |6 FU4113 |7 1 |9 51986 |a Arxiu |b Arxiu |d 2023-04-04 |h 2008 |o FU-41-13 |p 21615 |r 2016-12-01 00:00:00 |w 2016-12-01 |y ARXIU | ||
| 952 | |0 0 |1 0 |4 0 |6 FU3963 |7 1 |9 65971 |a Arxiu |b Arxiu |d 2023-04-04 |h 2009 |l 0 |o FU-39-63 |p 21424 |r 2023-04-04 00:00:00 |w 2023-04-04 |y ARXIU | ||
| 999 | |c 55833 |d 55833 | ||